Plane trigonometry (Record no. 543925)

000 -LEADER
fixed length control field 00386nam a2200145 a 4500
082 ## - DEWEY DECIMAL CLASSIFICATION NUMBER
Classification number 516.242
Author Mark NAR
100 1# - MAIN ENTRY--PERSONAL NAME
Personal name Naryan, Shanti
9 (RLIN) 39430
245 1# - TITLE STATEMENT
Title Plane trigonometry
260 ## - PUBLICATION, DISTRIBUTION, ETC.
Place of publication, distribution, etc. Karachi
Name of publisher, distributor, etc. Union Book Stall
Date of publication, distribution, etc. 1968
300 ## - PHYSICAL DESCRIPTION
Extent 225 p.:
Other physical details ill,
Dimensions 20 CM
526 ## - STUDY PROGRAM INFORMATION NOTE
Program name 0
Interest level 0
Reading level 0
Title point value 516_242000000000000_NAR
650 ## - SUBJECT ADDED ENTRY--TOPICAL TERM
Topical term or geographic name entry element MCE
9 (RLIN) 379
650 ## - SUBJECT ADDED ENTRY--TOPICAL TERM
Topical term or geographic name entry element Plane Trigonometry
9 (RLIN) 39132
942 ## - ADDED ENTRY ELEMENTS (KOHA)
Source of classification or shelving scheme
Koha item type Book
Holdings
Withdrawn status Lost status Source of classification or shelving scheme Damaged status Not for loan Permanent Location Current Location Date acquired Total Checkouts Full call number Barcode Date last seen Price effective from Koha item type
          Military College of Engineering (MCE) Military College of Engineering (MCE) 04/07/2014   516.242 NAR MCE-3375 04/07/2014 04/07/2014 Book
© 2023 Central Library, National University of Sciences and Technology. All Rights Reserved.